000 00275nam a2200121Ia 4500
008 190216s9999||||xx |||||||||||||| ||und||
100 _aAhuja H L
245 0 _aModern Micro Economics
260 _bS Chand & Co
_c1983
300 _a580 pag
650 _aEconomics
942 _cBK
999 _c9877
_d9877